Психологическое благополучие ребенка в современном обществе (Запись № 12226708)
[ простой вид ]
| 000 -МАРКЕР | |
|---|---|
| контрольное поле | 02563nam0a2200397 i 4500 |
| 001 - ИДЕНТИФИКАТОР ЗАПИСИ | |
| контрольное поле | RU\NLR\BIBL_A\011262937 |
| 005 - ИДЕНТИФИКАТОР ВЕРСИИ | |
| контрольное поле | 20260407081740.0 |
| 010 ## - МЕЖДУНАРОДНЫЙ СТАНДАРТНЫЙ НОМЕР КНИГИ (ISBN) | |
| Номер (ISBN) | 9785778229907 |
| Тираж | 110 |
| 021 ## - НОМЕР ГОСУДАРСТВЕННОЙ РЕГИСТРАЦИИ | |
| Код страны | Российская Федерация |
| Номер | 2016-80252 |
| Номер Листа государственной регистраци | 5238 |
| 021 ## - НОМЕР ГОСУДАРСТВЕННОЙ РЕГИСТРАЦИИ | |
| Код страны | Российская Федерация |
| Номер | 2016-80252 |
| Номер Листа государственной регистраци | 5532 |
| 035 ## - ДРУГИЕ СИСТЕМНЫЕ НОМЕРА | |
| Идентификатор записи | (NLR Aleph) 011262937 |
| 100 ## - ДАННЫЕ ОБЩЕЙ ОБРАБОТКИ | |
| Данные общей обработки | 20161107d2016 k y0rusy50 ca |
| 101 0# - ЯЗЫК РЕСУРСА | |
| Язык текста, звукозаписи и т.д. | русский |
| 102 ## - СТРАНА ПУБЛИКАЦИИ ИЛИ ПРОИЗВОДСТВА | |
| Страна публикации | Российская Федерация |
| 105 ## - ПОЛЕ КОДИРОВАННЫХ ДАННЫХ: ТЕКСТОВЫЕ МАТЕРИАЛЫ, МОНОГРАФИЧЕСКИЕ | |
| Кодированные данные о монографическом текстовом документе | a|||z|||000zy |
| 200 1# - ЗАГЛАВИЕ И СВЕДЕНИЯ ОБ ОТВЕТСТВЕННОСТИ | |
| Основное заглавие | Психологическое благополучие ребенка в современном обществе |
| Сведения, относящиеся к заглавию | монография |
| Первые сведения об ответственности | [Сафронова Маргарита Викторовна, Кузнецова Валерия Борисовна, Козлова Елена Александровна и др.] |
| Последующие сведения об ответственности | М-во образования и науки Рос. Федерации, Новосиб. гос. техн. ун-т [и др.] |
| 210 ## - ПУБЛИКАЦИЯ, РАСПРОСТРАНЕНИЕ И ДР. | |
| Место издания, распространения и т.д. | Новосибирск |
| Имя издателя, распространителя и т. д. | Изд-во Новосибирского государственного технического университета |
| Дата издания, распространения и т.д. | 2016 |
| 215 ## - ФИЗИЧЕСКАЯ ХАРАКТЕРИСТИКА | |
| Специфическое обозначение материала и объем | 287 с. |
| Другие сведения о физической характеристике | ил. |
| Размеры | 21 |
| 300 ## - ОБЩИЕ ПРИМЕЧАНИЯ | |
| Текст примечания | Авт указаны в вып. дан. |
| 300 ## - ОБЩИЕ ПРИМЕЧАНИЯ | |
| Текст примечания | В надзаг. также: Науч.-исслед. ин-т физиологии и фундамент. медицины, Благотвор. фонд поддержки соц. инициатив "Весна", Благотвор. фонд содействия защите детства и укреплению семьи "Право на будущее", Новосиб. гос. пед. ун-т |
| 320 ## - ПРИМЕЧАНИЯ О НАЛИЧИИ В ДОКУМЕНТЕ БИБЛИОГРАФИИ / УКАЗАТЕЛЯ | |
| Текст примечания | Библиогр. в конце гл. |
| 606 1# - НАИМЕНОВАНИЕ ТЕМЫ КАК ПРЕДМЕТ | |
| Наименование темы | Дети |
| Тематический подзаголовок | Социально-психологические исследования |
| Системный номер авторитетной/нормативной записи | 1495404 |
| Идентификатор авторитетной/нормативной записи | RU\NLR\AUTH\66645843 |
| 606 ## - НАИМЕНОВАНИЕ ТЕМЫ КАК ПРЕДМЕТ | |
| Наименование темы | Семья |
| Тематический подзаголовок | Психологическая служба |
| Системный номер авторитетной/нормативной записи | 1593528 |
| Идентификатор авторитетной/нормативной записи | RU\NLR\AUTH\66999277 |
| 686 1# - ИНДЕКСЫ ДРУГИХ КЛАССИФИКАЦИЙ | |
| Индекс | С550.325.2 |
| 686 1# - ИНДЕКСЫ ДРУГИХ КЛАССИФИКАЦИЙ | |
| Индекс | Ю949.246 |
| 686 1# - ИНДЕКСЫ ДРУГИХ КЛАССИФИКАЦИЙ | |
| Индекс | Ю984.92 |
| 701 #1 - ИМЯ ЛИЦА - АЛЬТЕРНАТИВНАЯ ОТВЕТСТВЕННОСТЬ | |
| Начальный элемент ввода | Сафронова |
| Часть имени, кроме начального элемента ввода | М. В. |
| Расширение инициалов личного имени | Маргарита Викторовна |
| 701 #1 - ИМЯ ЛИЦА - АЛЬТЕРНАТИВНАЯ ОТВЕТСТВЕННОСТЬ | |
| Графика поля | Кириллица |
| Материалы, к которым относится поле | rus |
| Начальный элемент ввода | Кузнецова |
| Часть имени, кроме начального элемента ввода | В. Б. |
| Дополнения к именам, кроме дат | психолог |
| Расширение инициалов личного имени | Валерия Борисовна |
| Системный номер авторитетной/нормативной записи | 166037 |
| Идентификатор авторитетной/нормативной записи | RU\NLR\AUTH\770166084 |
| 701 #1 - ИМЯ ЛИЦА - АЛЬТЕРНАТИВНАЯ ОТВЕТСТВЕННОСТЬ | |
| Графика поля | Кириллица |
| Материалы, к которым относится поле | rus |
| Начальный элемент ввода | Козлова |
| Часть имени, кроме начального элемента ввода | Е. А. |
| Дополнения к именам, кроме дат | психолог |
| Расширение инициалов личного имени | Елена Александровна |
| Системный номер авторитетной/нормативной записи | 166065 |
| Идентификатор авторитетной/нормативной записи | RU\NLR\AUTH\770166112 |
| 712 02 - НАИМЕНОВАНИЕ ОРГАНИЗАЦИИ - ВТОРИЧНАЯ ОТВЕТСТВЕННОСТЬ | |
| Код отношения | Прочие |
| Начальный элемент ввода | Новосибирский государственный технический университет |
| Идентификатор авторитетной/нормативной записи | RU\NLR\AUTH\887219 |
| Системный номер авторитетной/нормативной записи | 286502 |
| 942 ## - ДОПОЛНИТЕЛЬНЫЕ ЭЛЕМЕНТЫ ЗАПИСИ (АБИС) | |
| Тип экземпляра АБИС | Книга |
| 980 ## - КОЛЛЕКЦИЯ | |
| Название коллекции | НБР |
Нет доступных экземпляров.